000 00719nam a2200217 a 4500
001 000012652
005 20240530073914.0
008 091116s1994 dr 000 f spa d
020 _a9768136367
040 _aDO-SdBNP
_bspa
_cBNPHU
082 _aRD863.44
_bM539m
100 1 _aMendoza, Félix Darío
_929438
245 1 0 _aMarina de la Cruz :
_bradiografía de una inmigrante /
_cFélix Darío Mendoza.
260 _aSanto Domingo :
_bTaller,
_c1994.
300 _a225 p. ;
_c22 cm.
500 _aIncluye datos biográficos del autor en la contracubierta
590 _aInvenatriado, 2019/BT
650 0 _aNovela dominicana
_9223
650 0 _aLiteratura dominicana.
_967
910 _aValidado. Control de calidad MFF
999 _c12304
_d12304